| 000 | 00496nam a22001817a 4500 | ||
|---|---|---|---|
| 003 | OSt | ||
| 005 | 20140310182158.0 | ||
| 008 | 130902t xxu||||| |||| 00| 0 eng d | ||
| 050 |
_aMT 730 _b.Si612 1995 |
||
| 082 |
_aHS 784.5 _bW534 1995 |
||
| 245 |
_aSimply strings volume 4 : _bthe entertainer / |
||
| 260 |
_aEngland : _bFentone Music, _cc1995. |
||
| 300 |
_a16 p. : _bill. ; |
||
| 650 |
_aString music _916576 |
||
| 650 |
_aArranged _xScores _916593 |
||
| 942 |
_2lcc _cHS |
||
| 999 |
_c10140 _d10140 |
||